লোডিং...
Isi Mitti se /
| প্রধান লেখক: | |
|---|---|
| বিন্যাস: | Printed Book |
| ভাষা: | Hindi |
| প্রকাশিত: |
1990.
|
| LEADER | 00374nam a2200121Ia 4500 | ||
|---|---|---|---|
| 008 | 121027s9999 xx 000 0 hin d | ||
| 999 | |c 68062 |d 68062 | ||
| 020 | |a . | ||
| 100 | |a Kusumagraj | ||
| 245 | |a Isi Mitti se / | ||
| 260 | |c 1990. | ||
| 942 | |c BK | ||
| 952 | |0 0 |1 0 |4 0 |6 891_000000000000000_4618K1_ISI_H |7 0 |9 68039 |a UL |b UL |c ST1 |d 2012-10-27 |l 0 |o 891.4618K1 ISI H |p G6874 |r 2012-10-27 |w 2012-10-27 |y BK | ||